| 000 | 00755nam a2200277Ia 4500 | ||
|---|---|---|---|
| 008 | 171120s9999 xx 000 0 und d | ||
| 020 | _a9.7898127418e+012 | ||
| 050 | _a423.1 | ||
| 050 | _bK151 2008 | ||
| 100 | _aKam, Chuan Aik. | ||
| 245 | _aRight words 1 : | ||
| 245 | _ba dictionary and thesaurus for Junior Learners fo English / | ||
| 245 | _cby Kam Chuan Aik and Kam Kai Hui. | ||
| 260 | _aSingapore : | ||
| 260 | _bSingapore Asian Publications Pte ltd. | ||
| 260 | _c2008 | ||
| 300 | _a185 pages : | ||
| 300 | _billustrations ; | ||
| 300 | _c18cm. | ||
| 650 | _aEnglish language -- | ||
| 650 | _aEnglish language -- | ||
| 650 | _xUsage -- Dictionaries. | ||
| 650 | _xUsage. | ||
| 700 | _aKam, Kai Hui. | ||
| 700 | _aTitle. | ||
| 999 |
_c344997 _d344997 |
||